Statistiche per Indovina la nazione dal personaggio famoso parte 3

Clicka qui per fare il quiz!

Statistiche generali

  • Questo quiz è stato fatto 103 volte
  • Il punteggio medio è 17 su 19

Statistiche sulle risposte

PERSONAGGIO FAMOSONAZIONE% Corretto
Francois-Renè de ChateubriandFrancia
99%
SocrateGrecia
99%
Niccolò MachiavelliItalia
99%
MaradonaArgentina
98%
Lao TzuCina
98%
Charles DarwinRegno Unito
98%
James Matthew BarrieRegno Unito
98%
Salvador DalìSpagna
98%
Lev TolstojRussia/URSS
97%
Friedrich Von SchillerGermania
95%
Gabriel Garcia MarquezColombia/Messico
92%
Bob MarleyGiamaica/Jamaica
91%
Frida KahloMessico
91%
Jim MorrisonUsa
91%
René MagritteBelgio
88%
Carl Gustav JungSvizzera
78%
George Bernard ShawIrlanda
75%
Edvard GriegNorvegia
66%
Eugene IonescoRomania
64%

Distribuzione punteggi

Percentile per numero di risposta

Percentuale di utenti per punteggio

I tuoi punteggi nel tempo

Non hai fatto questo quiz